Σημαντική Βοήθεια για τις Επιχειρήσεις οι Νέες Φορολογικές και Ασφαλιστικές Ελαφρύνσεις (Record no. 9542)
[ view plain ]
| 000 -LEADER | |
|---|---|
| fixed length control field | 01567cam a22001814a 4500 |
| 005 - ΗΜΕΡΟΜΗΝΙΑ ΚΑΙ ΩΡΑ ΤΕΛΕΥΤΑΙΑΣ ΕΝΗΜΕΡΩΣΗΣ | |
| Πεδίο ελέγχου | 20250605164403.0 |
| 008 - FIXED-LENGTH DATA ELEMENTS--GENERAL INFORMATION | |
| Πεδίο ελέγχου σταθερού μήκους | 250528s ||||||||||||||||||||||||d |
| 035 ## - SYSTEM CONTROL NUMBER | |
| System control number | 24675 |
| 040 ## - ΠΗΓΗ ΚΑΤΑΛΟΓΟΓΡΑΦΗΣΗΣ | |
| Φορέας πρωτότυπης καταλογογράφησης | MC Athens Campus Library |
| Γλώσσα καταλογογράφησης | Ελληνικά, Μοντέρνα (1453-) |
| Modifying agency | MC Athens Campus Library |
| Κανόνες περιγραφικής καταλογογράφησης | AACR2 |
| 245 1# - ΤΙΤΛΟΣ ΚΑΙ ΔΗΛΩΣΗ ΥΠΕΥΘΥΝΟΤΗΤΑΣ | |
| Τίτλος | Σημαντική Βοήθεια για τις Επιχειρήσεις οι Νέες Φορολογικές και Ασφαλιστικές Ελαφρύνσεις |
| 260 ## - PUBLICATION, DISTRIBUTION, ETC. | |
| Name of publisher, distributor, etc. | Εμπορικό Και Βιομηχανικό Επιμελητήριο Αθηνών, |
| Date of publication, distribution, etc. | 2021 |
| 300 ## - PHYSICAL DESCRIPTION | |
| Extent | 64 |
| 520 ## - SUMMARY, ETC. | |
| Summary, etc. | Επ΄σκεψη του Πρωθυπουργού της Βόρειας Μακεδονίας στο Ε.Β.Ε.Α., Πρόεδρος Ε.Β.Ε.Α.: Το Πρόβλημα της Αγοράς Εργασίας είναι ότι δεν Διαθέτουμε Ισχυρή Παραγωγική Βάση, Εκδήλωση Ε.Β.Ε.Α. και Σ.Ε.Β. για τις Επιχειρηματικές Ευκαιρίες στο Κατάρ και το Κουβέιτ, Μόνιμες Μειώσεις Φόρων για Επιχειρήσεις και Επαγγελματίες, Το Νέο Μοντέλο Εργασίας με Παραδείγματα, Εστίαση: Ξεκίνησαν για την Επιδότηση των Επιχειρήσεων, 'Εξοικονομώ' για Επιχειρήσεις, Οι Λόγοι Αισιοδοξίας για Πετυχημένη Τουριστική Σεζόν Εφέτος. |
| 700 1# - ΠΡΟΣΘΕΤΗ ΑΝΑΓΡΑΦΗ--ΦΥΣΙΚΟ ΠΡΟΣΩΠΟ | |
| Personal name | Μίχαλος Κωνσταντίνος |
| 9 (RLIN) | 4319 |
| 942 ## - ADDED ENTRY ELEMENTS (KOHA) | |
| Koha item type | Περιοδικά Δημοσιεύματα |
| Τύπος τεκμηρίου | Βιβλιοθήκη | Τρέχουσα τοποθεσία | Barcode | Ημερομηνία απόκτησης | Ταξιθετικό σύμβολο | Αριθμός αντιτύπου | Αρίθμηση σειρών / χρονολογία | Κατάσταση απόσυρσης | Κατάσταση χαμένου | Κατάσταση κατεστραμμένου | Μη δανεισμός | Σύνολο δανεισμών | Ημερομηνία τελευταίας εμφάνισης | Η τιμή ισχύει από |
|---|---|---|---|---|---|---|---|---|---|---|---|---|---|---|
| Περιοδικά Δημοσιεύματα | MC Athens Campus Library | MC Athens Campus Library | 9780000095411 | 05/06/2025 | ΑΝΑΠΤΥΞΗ | 1 | 5 | 05/06/2025 | 05/06/2025 |